[Event "Solingen-ch 2021"]
[Site "Solingen"]
[Date "2022.01.21"]
[Round "5.13"]
[White "Guelcan, Batuhan Ege"]
[Black "Scheidtmann, Kian"]
[Result "1-0"]
[WhiteElo "1521"]
[BlackElo "1536"]
[PlyCount "122"]
[EventDate "2022.??.??"]
[WhiteTeam "SG Solingen"]
[BlackTeam "SG Solingen"]

1. d4 Nf6 2. c4 g6 3. Nc3 Bg7 4. e4 d6 5. Bf4 O-O 6. Nf3 Nc6 7. Be2 e5 8. dxe5
Nh5 9. Bg5 f6 10. exf6 Nxf6 11. Nd5 Be6 12. Bxf6 Bxf6 13. Nxf6+ Qxf6 14. b3
Qc3+ 15. Nd2 Nd4 16. O-O Nxe2+ 17. Qxe2 Rf6 18. Qe3 Qxe3 19. fxe3 Raf8 20. h3
Bd7 21. Rxf6 Rxf6 22. Rf1 Kg7 23. Rxf6 Kxf6 24. Nf3 Bc6 25. h4 h6 26. Nd4 Bxe4
27. Nb5 a6 28. Nxc7 Ke5 29. Na8 Bb1 30. a3 Ba2 31. b4 Bxc4 32. Nb6 Bb3 33. Kf2
d5 34. Nd7+ Kd6 35. Nc5 Bc4 36. Nxb7+ Ke5 37. Na5 Ke4 38. Nxc4 dxc4 39. Ke2 c3
40. a4 Kd5 41. Kd3 c2 42. Kxc2 Kc4 43. b5 axb5 44. axb5 Kxb5 45. Kd3 Kc5 46.
Ke4 Kd6 47. Kf4 Kd5 48. g4 Kd6 49. h5 gxh5 50. gxh5 Ke6 51. Ke4 Kf6 52. Kd5 Kg5
53. e4 Kxh5 54. e5 Kg4 55. e6 h5 56. e7 h4 57. e8=Q h3 58. Qe1 Kf3 59. Qh1+ Kg3
60. Ke5 h2 61. Ke4 Kh3 1-0

[Event "Solingen-ch 2021"]
[Site "Solingen"]
[Date "2022.02.04"]
[Round "6.1"]
[White "Volkov, Mykyta"]
[Black "Kniest, Oliver"]
[Result "0-1"]
[WhiteElo "2215"]
[BlackElo "2285"]
[PlyCount "94"]
[EventDate "2022.??.??"]
[WhiteTeam "Elberfelder SG"]
[BlackTeam "SG Solingen"]

1. d4 Nf6 2. c4 e6 3. Nc3 Bb4 4. a3 Bxc3+ 5. bxc3 c5 6. f3 d6 7. e4 e5 8. Ne2
Nc6 9. d5 Ne7 10. Be3 b6 11. g4 h5 12. g5 Nd7 13. h4 Nf8 14. Ng3 Nfg6 15. Bd3
Kd7 16. a4 a5 17. Rb1 Kc7 18. Rh2 Bd7 19. Nf5 Rg8 20. Rhb2 Nc8 21. Bf1 Qe8 22.
Kf2 Bxa4 23. Qd2 Bd7 24. Kg3 Nge7 25. Bh3 Nxf5+ 26. exf5 Rb8 27. f4 e4 28. Kh2
g6 29. fxg6 fxg6 30. Bg2 Bf5 31. Rb5 Bd7 32. R5b2 Qe7 33. Qc2 Re8 34. Ra2 Bf5
35. Qb3 Na7 36. Rab2 Qf7 37. Qa3 Nc8 38. Qa4 Bd7 39. Qc2 Qf5 40. Qf2 Ne7 41.
Qd2 Qg4 42. Qf2 Nf5 43. Bh3 Nxe3 44. Qxe3 Qxh4 45. Re2 Bxh3 46. Qxh3 Qxf4+ 47.
Kg2 Qxg5+ 0-1

[Event "Solingen-ch 2021"]
[Site "Solingen"]
[Date "2022.01.29"]
[Round "6.3"]
[White "Zolfagharian, Kevin"]
[Black "Werbeck, Torsten"]
[Result "1-0"]
[WhiteElo "2241"]
[BlackElo "2018"]
[PlyCount "69"]
[EventDate "2022.??.??"]
[WhiteTeam "SG Solingen"]
[BlackTeam "Elberfelder SG"]

1. d4 Nf6 2. c4 g6 3. Nc3 d5 4. Qb3 c6 5. cxd5 Nxd5 6. e4 Nxc3 7. bxc3 Bg7 8.
Bc4 O-O 9. Nf3 Qb6 10. Ba3 Qxb3 11. axb3 h6 12. Bxe7 Re8 13. Bc5 Rxe4+ 14. Kd2
Na6 15. Bxa6 bxa6 16. Rhe1 Rxe1 17. Rxe1 Be6 18. c4 Bf6 19. Ra1 Bc8 20. Kc3 Bb7
21. Re1 Kg7 22. Be7 Rc8 23. Nd2 Rc7 24. Bxf6+ Kxf6 25. Ne4+ Kg7 26. Nd6 Rd7 27.
Nxb7 Rxb7 28. Ra1 Re7 29. Rxa6 Re2 30. Rxc6 Rxf2 31. d5 Kf8 32. d6 Ke8 33. c5
Rxg2 34. Rc8+ Kd7 35. Rc7+ 1-0

[Event "Solingen-ch 2021"]
[Site "Solingen"]
[Date "2022.02.04"]
[Round "6.4"]
[White "Fichtner, Ewald"]
[Black "Erkay, Necip Ali"]
[Result "1-0"]
[WhiteElo "2052"]
[BlackElo "1945"]
[PlyCount "49"]
[EventDate "2022.??.??"]
[WhiteTeam "SG Solingen"]
[BlackTeam "SG Solingen"]

1. d4 Nf6 2. Bf4 d5 3. e3 g6 4. Nc3 Bg7 5. h4 c6 6. Bd3 h5 7. Qd2 b5 8. Nf3
Nbd7 9. Ne5 Nxe5 10. Bxe5 Kf8 11. Ne2 Ne8 12. a4 bxa4 13. Rxa4 Nd6 14. Qc3 Qd7
15. O-O Ne4 16. Bxg7+ Kxg7 17. Bxe4 dxe4 18. d5+ f6 19. Qxc6 Qxc6 20. dxc6 Bg4
21. Nc3 Rhc8 22. Ra6 Rab8 23. Rb1 Rb6 24. Rxa7 Rcxc6 25. Nd5 1-0

[Event "Solingen-ch 2021"]
[Site "Solingen"]
[Date "2022.02.04"]
[Round "6.5"]
[White "Goerke, Joachim"]
[Black "Hamburger, Raul"]
[Result "1/2-1/2"]
[WhiteElo "2128"]
[BlackElo "1899"]
[PlyCount "94"]
[EventDate "2022.??.??"]
[WhiteTeam "SG Solingen"]
[BlackTeam "SV Hilden"]

1. d4 Nf6 2. Nf3 d6 3. c4 g6 4. Nc3 Bg7 5. g3 O-O 6. Bg2 Nc6 7. O-O e5 8. dxe5
dxe5 9. Qxd8 Rxd8 10. Bg5 Be6 11. b3 h6 12. Bxf6 Bxf6 13. Rad1 Nb4 14. a3 Nc2
15. Nb5 c6 16. Nc7 Rac8 17. Nxe6 fxe6 18. e3 Nxa3 19. Ra1 e4 20. Nd4 Bxd4 21.
exd4 Nc2 22. Rxa7 Nxd4 23. Rxb7 Rb8 24. Rxb8 Rxb8 25. Rb1 c5 26. Bxe4 g5 27.
Kg2 Kg7 28. b4 Rxb4 29. Rxb4 cxb4 30. c5 Kf6 31. f4 b3 32. c6 Ke7 33. fxg5 hxg5
34. h4 gxh4 35. gxh4 b2 36. c7 Kd7 37. h5 Nf5 38. Kf3 Kxc7 39. h6 Nxh6 40. Ke3
Nf5+ 41. Kd2 Nd6 42. Bd3 Nc4+ 43. Kc2 Ne5 44. Bh7 Kd6 45. Kxb2 Nc4+ 46. Kc3 Ne3
47. Kd4 Nf5+ 1/2-1/2

[Event "Solingen-ch 2021"]
[Site "Solingen"]
[Date "2022.02.04"]
[Round "6.6"]
[White "Steinbach, Wolfgang"]
[Black "Rittmann, Dirk"]
[Result "0-1"]
[WhiteElo "1948"]
[BlackElo "2125"]
[PlyCount "132"]
[EventDate "2022.??.??"]
[WhiteTeam "SG Solingen"]
[BlackTeam "SG Solingen"]

1. Nf3 c5 2. c4 Nf6 3. d4 cxd4 4. Nxd4 Nc6 5. Nc3 g6 6. e4 Bg7 7. Be3 O-O 8.
Be2 d6 9. O-O Bd7 10. Qd2 Nxd4 11. Bxd4 Bc6 12. f3 a5 13. b3 Nd7 14. Bxg7 Kxg7
15. Qd4+ Kg8 16. Kh1 Qb6 17. Qxb6 Nxb6 18. a3 Rfc8 19. Rfc1 Kf8 20. Nd1 Bd7 21.
Ne3 Be6 22. f4 f6 23. g4 Nd7 24. b4 axb4 25. axb4 Rxa1 26. Rxa1 Nb6 27. Rc1 g5
28. fxg5 fxg5 29. e5 dxe5 30. Rf1+ Kg7 31. Nf5+ Bxf5 32. Rxf5 Nxc4 33. Rxg5+
Kf6 34. h4 Ne3 35. Kg1 Rc2 36. Bf3 Rb2 37. Bxb7 Rxb4 38. Bc8 e6 39. Rh5 Rxg4+
40. Kf2 Nf5 41. Rxh7 Rxh4 42. Ra7 Rh8 43. Ba6 Rh2+ 44. Ke1 Ra2 45. Ra8 e4 46.
Bb7 Rxa8 47. Bxa8 Ke5 48. Ke2 Kf4 49. Bb7 Nd4+ 50. Ke1 Ke3 51. Bc8 Nf3+ 52. Kf1
Nd4 53. Ke1 Kf3 54. Bb7 Nc2+ 55. Kd2 Nb4 56. Ke1 Nd3+ 57. Kf1 Nc5 58. Bc6 Ke3
59. Ke1 Nd3+ 60. Kf1 Nb4 61. Bd7 e5 62. Be8 Kd2 63. Bh5 Nd5 64. Bg6 e3 65. Bh5
Nf4 66. Bg4 e2+ 0-1

[Event "Solingen-ch 2021"]
[Site "Solingen"]
[Date "2022.02.04"]
[Round "6.7"]
[White "Borchert, Stephan"]
[Black "Ipekyilmaz, Tayfun"]
[Result "1-0"]
[WhiteElo "2074"]
[BlackElo "1757"]
[PlyCount "83"]
[EventDate "2022.??.??"]
[WhiteTeam "SG Solingen"]
[BlackTeam "Langenfelder SF"]

1. e4 e5 2. Bc4 Nf6 3. d3 Nc6 4. Nf3 d6 5. Ng5 Be6 6. Nxe6 fxe6 7. Bxe6 Nd4 8.
Bh3 Qe7 9. O-O Ne6 10. Nc3 c6 11. Ne2 O-O-O 12. Qe1 Kb8 13. Qa5 b6 14. Qa4 Kb7
15. f4 Nc5 16. Qb4 Qc7 17. Qe1 Be7 18. a4 Rhf8 19. b4 Ncd7 20. a5 b5 21. Be6 d5
22. Ng3 Qd6 23. Bxd7 Rxd7 24. Nf5 Qxb4 25. c3 Qc5+ 26. Be3 d4 27. cxd4 exd4 28.
Bd2 g6 29. Rc1 Qa3 30. Nxe7 Qxe7 31. a6+ Ka8 32. Bb4 Qe8 33. Bxf8 Qxf8 34. Rxc6
Ng4 35. Qc1 Kb8 36. Qb2 b4 37. Rfc1 Rd8 38. R1c4 Ka8 39. Rxb4 Qxf4 40. Qxd4
Qxh2+ 41. Kf1 Rf8+ 42. Ke1 {ZÜ} 1-0

[Event "Solingen-ch 2021"]
[Site "Solingen"]
[Date "2022.02.04"]
[Round "6.9"]
[White "Steinbach, Ulf"]
[Black "Guelcan, Batuhan Ege"]
[Result "1-0"]
[WhiteElo "1654"]
[BlackElo "1521"]
[PlyCount "63"]
[EventDate "2022.??.??"]
[WhiteTeam "vereinslos"]
[BlackTeam "SG Solingen"]

1. f4 d5 2. Nf3 Nc6 3. e3 Bg4 4. d4 e6 5. Be2 Bxf3 6. Bxf3 Nf6 7. O-O h6 8. c3
Bd6 9. Nd2 g5 10. Bh5 Nxh5 11. Qxh5 gxf4 12. Nf3 Qf6 13. exf4 O-O-O 14. Ne5
Bxe5 15. fxe5 Qg6 16. Qxg6 fxg6 17. Rf6 g5 18. Rxe6 Rdf8 19. b3 Kd7 20. Rg6 Ne7
21. Rg7 Kd8 22. Ba3 Re8 23. Rf1 Nc6 24. Rff7 Nb8 25. Rxc7 Rhg8 26. Rgf7 g4 27.
Rxb7 Na6 28. Rxa7 Nb8 29. Ra8 Kc8 30. Bd6 Re7 31. Rxe7 Rg7 32. Rxb8# 1-0

[Event "Solingen-ch 2021"]
[Site "Solingen"]
[Date "2022.02.04"]
[Round "6.11"]
[White "Bauer, Matthias"]
[Black "Falk, Thomas"]
[Result "1-0"]
[WhiteElo "1620"]
[BlackElo "1578"]
[PlyCount "77"]
[EventDate "2022.??.??"]
[WhiteTeam "SV Guennigfeld"]
[BlackTeam "Elberfelder SG"]

1. Nf3 d5 2. d4 f5 3. Bf4 Nf6 4. h3 e6 5. e3 Bd6 6. Ne5 O-O 7. Nd2 Ne4 8. Ndf3
Bb4+ 9. c3 Nxc3 10. bxc3 Bxc3+ 11. Nd2 Bxa1 12. Qxa1 Nd7 13. Bd3 g5 14. Nxd7
Bxd7 15. Be5 c6 16. Qd1 Be8 17. g4 Bg6 18. Qc2 Qe7 19. Nb3 Rac8 20. Qc5 Qd7 21.
Qd6 Qxd6 22. Bxd6 Rf7 23. Nc5 Re8 24. Be2 b6 25. Nd3 Rd7 26. Bg3 Rdd8 27. Ne5
Rc8 28. Nd7 Kf7 {(=)} 29. Ba6 Rcd8 30. Ne5+ Kg7 31. Nxc6 Rd7 32. Ne5 Rc7 33.
Kd2 Rce7 34. Rc1 fxg4 35. hxg4 Kg8 36. Bb5 Rd8 37. Nc6 Rdd7 38. Nxe7+ Rxe7 39.
Rc7 1-0

[Event "Solingen-ch 2021"]
[Site "Solingen"]
[Date "2022.02.04"]
[Round "6.12"]
[White "Fodor, Bernhard"]
[Black "Sereda, Yaroslava"]
[Result "0-1"]
[WhiteElo "1340"]
[BlackElo "1711"]
[PlyCount "80"]
[EventDate "2022.??.??"]
[WhiteTeam "SG Solingen"]
[BlackTeam "SG Solingen"]

1. e4 c5 2. Bc4 Nc6 3. Nf3 g6 4. c3 Bg7 5. O-O d6 6. Ng5 e6 7. d3 Nge7 8. Nxf7
Kxf7 9. Qf3+ Bf6 10. Bg5 Ng8 11. Qf4 Ne5 12. Na3 h6 13. Bxf6 Qxf6 14. Qg3 Kg7
15. f4 Nxc4 16. Nxc4 d5 17. Nd6 Ne7 18. Rf3 Rd8 19. f5 exf5 20. e5 Qf8 21. Raf1
b6 22. c4 dxc4 23. dxc4 Be6 24. b3 Qg8 25. Rd3 {(=)} Kh7 26. Qe1 Nc8 27. Re3
Nxd6 28. exd6 Rxd6 29. h3 Re8 30. Qg3 Rd7 31. Rfe1 Rdd8 32. Qc7+ Qf7 33. Qc6
Bd7 34. Qc7 Rxe3 35. Rxe3 Re8 36. Rd3 Be6 37. Qxf7+ Bxf7 38. Kf2 Re7 39. g3 g5
40. Kf3 Bh5+ 0-1

[Event "Solingen-ch 2021"]
[Site "Solingen"]
[Date "2022.02.11"]
[Round "7.1"]
[White "Kniest, Oliver"]
[Black "Zolfagharian, Kevin"]
[Result "1/2-1/2"]
[WhiteElo "2285"]
[BlackElo "2241"]
[PlyCount "34"]
[EventDate "2022.??.??"]
[WhiteTeam "SG Solingen"]
[BlackTeam "SG Solingen"]

1. d4 d5 2. c4 c6 3. cxd5 cxd5 4. Bf4 Nf6 5. Nc3 e6 6. e3 Be7 7. Bd3 Bd7 8. Nf3
Nc6 9. h3 Rc8 10. Rc1 a6 11. O-O O-O 12. Ne5 Qa5 13. Bg5 Rcd8 14. Bb1 Be8 15.
a3 h6 16. Bh4 Kh8 17. f4 Ng8 1/2-1/2

[Event "Solingen-ch 2021"]
[Site "Solingen"]
[Date "2022.02.11"]
[Round "7.2"]
[White "Hamburger, Raul"]
[Black "Tuerkkan, Nuh"]
[Result "1-0"]
[WhiteElo "1899"]
[BlackElo "1787"]
[PlyCount "57"]
[EventDate "2022.??.??"]
[WhiteTeam "SV Hilden"]
[BlackTeam "Bergische SF"]

{[%evp 0,57,16,28,27,33,30,-8,-8,-23,20,30,31,35,32,43,21,-8,-21,-21,-30,-30,
-36,-50,-64,-50,-65,-65,-68,-74,-52,-70,-66,-65,-85,-82,-84,-85,-55,-55,-55,
-62,-55,-47,-53,-53,-50,-41,38,21,74,82,127,132,114,107,143,149,303,311]} 1. d4
Nf6 2. Nf3 d5 3. Bg5 Ne4 4. Bf4 c5 5. e3 Qb6 6. Nc3 Qa5 7. Bb5+ Nc6 8. Bxc6+
bxc6 9. Rb1 Nxc3 10. bxc3 Qxc3+ 11. Qd2 Qxd2+ 12. Kxd2 f6 13. Rb8 Rxb8 14. Bxb8
a5 {(=)} 15. Bc7 a4 16. dxc5 e5 17. Bb6 Ba6 18. Rb1 Be7 19. Rb4 Bb5 20. e4 d4
21. c4 dxc3+ 22. Kxc3 Kf7 23. Nd2 Bd8 24. Nc4 Bxb6 25. cxb6 Rd8 26. b7 Ke6 27.
Na3 Rb8 28. Nxb5 Rxb7 29. Na3 1-0

[Event "Solingen-ch 2021"]
[Site "Solingen"]
[Date "2022.02.11"]
[Round "7.3"]
[White "Rittmann, Dirk"]
[Black "Volkov, Mykyta"]
[Result "1/2-1/2"]
[WhiteElo "2125"]
[BlackElo "2215"]
[PlyCount "52"]
[EventDate "2022.??.??"]
[WhiteTeam "SG Solingen"]
[BlackTeam "Elberfelder SG"]

1. Nf3 Nf6 2. g3 d5 3. d4 e6 4. c4 Be7 5. Bg2 O-O 6. O-O dxc4 7. Ne5 Nc6 8.
Nxc6 bxc6 9. Na3 Bxa3 10. bxa3 Ba6 11. Bxc6 Rb8 12. a4 Qd6 13. Bf3 Nd5 14. Qc2
c5 15. Rd1 cxd4 16. Rxd4 Qc5 17. e3 c3 18. Rb1 Rxb1 19. Qxb1 c2 20. Qb3 Rc8 21.
Bxd5 exd5 22. Qxd5 Qxd5 23. Rxd5 Bc4 24. Rd4 Bxa2 25. Kf1 h6 26. Ke1 Rc4
1/2-1/2

[Event "Solingen-ch 2021"]
[Site "Solingen"]
[Date "2022.02.11"]
[Round "7.4"]
[White "Werbeck, Torsten"]
[Black "Borchert, Stephan"]
[Result "0-1"]
[WhiteElo "2018"]
[BlackElo "2074"]
[PlyCount "94"]
[EventDate "2022.??.??"]
[WhiteTeam "Elberfelder SG"]
[BlackTeam "SG Solingen"]

1. d4 Nf6 2. Nf3 g6 3. c4 Bg7 4. Nc3 O-O 5. e4 d6 6. Be2 Na6 7. O-O e5 8. dxe5
dxe5 9. Qxd8 Rxd8 10. Be3 Ng4 11. Bg5 f6 12. Bc1 c6 13. h3 Nh6 14. Be3 Nf7 15.
Rfd1 Bf8 16. Rxd8 Nxd8 17. Rd1 Ne6 18. Na4 Nb4 19. a3 Nc2 20. Bc1 Ncd4 21. Bf1
Nxf3+ 22. gxf3 Nd4 23. f4 Be6 24. Nc3 Rd8 25. Kg2 Bh6 26. fxe5 Bxc1 27. Rxc1
fxe5 28. Rd1 Rd7 29. Rd2 h5 30. b4 Rf7 31. Ne2 Nf3 32. Rd8+ Kg7 33. Nc1 Ng5 34.
h4 Nxe4 35. f3 Nf6 36. Rd6 Re7 37. b5 cxb5 38. cxb5 e4 39. b6 exf3+ 40. Kxf3
axb6 41. Rxb6 Bd5+ 42. Kf2 Ng4+ 43. Kg1 Re1 44. Ne2 Ra1 45. Nc3 Bc6 46. Nb1 Ra2
47. Rb3 Rh2 0-1

[Event "Solingen-ch 2021"]
[Site "Solingen"]
[Date "2022.02.11"]
[Round "7.5"]
[White "Steinbach, Ulf"]
[Black "Boos, Markus"]
[Result "0-1"]
[WhiteElo "1654"]
[BlackElo "2169"]
[PlyCount "58"]
[EventDate "2022.??.??"]
[WhiteTeam "vereinslos"]
[BlackTeam "Elberfelder SG"]

1. f4 Nf6 2. Nf3 g6 3. b3 Bg7 4. Bb2 O-O 5. e3 c5 6. Be2 Nc6 7. O-O a6 8. d3 d5
9. c3 Ng4 10. Qc1 d4 11. e4 e5 12. g3 Ne3 13. Rf2 exf4 14. gxf4 Bh6 15. cxd4
cxd4 16. Nbd2 Ng4 17. Rg2 Bxf4 18. Qb1 Ne3 19. Rf2 Bh3 20. Bf1 Bxf1 21. Nxf1
Ng4 22. Re2 Nge5 23. Nxe5 Nxe5 24. Rg2 f5 25. Qd1 Re8 26. Ng3 Be3+ 27. Kh1 f4
28. Nf1 f3 29. Rg3 Bf2 0-1

[Event "Solingen-ch 2021"]
[Site "Solingen"]
[Date "2022.02.11"]
[Round "7.6"]
[White "Atar, Efecan"]
[Black "Goerke, Joachim"]
[Result "0-1"]
[WhiteElo "1453"]
[BlackElo "2128"]
[PlyCount "78"]
[EventDate "2022.??.??"]
[WhiteTeam "SK Kerpen"]
[BlackTeam "SG Solingen"]

1. c4 e5 2. g3 Nc6 3. Bg2 g6 4. Nc3 Bg7 5. d3 d6 6. Nf3 f5 7. e4 Nf6 8. O-O O-O
9. Rb1 h6 10. h4 fxe4 11. dxe4 Bg4 12. b4 Nd4 13. Qd3 Bxf3 14. Bxf3 c6 15. Bg2
Qd7 16. Be3 Kh7 17. Rbc1 Ng4 18. Bxd4 exd4 19. Ne2 Ne5 20. Qd2 c5 21. Nf4 h5
22. Bh3 Qxh3 23. Nxh3 Nf3+ 24. Kg2 Nxd2 25. Rfe1 Nf3 26. Re2 d3 27. Re3 Bh6 28.
Nf4 Ne5 29. bxc5 dxc5 30. Rb1 b6 31. Ne6 Bxe3 32. Nxf8+ Rxf8 33. fxe3 Nxc4 34.
Rf1 Nxe3+ 35. Kg1 Rxf1+ 36. Kh2 d2 37. Kh3 d1=Q 38. Kh2 Qe2+ 39. Kh3 Rh1# 0-1

[Event "Solingen-ch 2021"]
[Site "Solingen"]
[Date "2022.02.11"]
[Round "7.7"]
[White "Erkay, Ali-Necip"]
[Black "Vaghef, Mohammad Reza"]
[Result "1/2-1/2"]
[WhiteElo "1945"]
[BlackElo "1528"]
[PlyCount "72"]
[EventDate "2022.??.??"]
[WhiteTeam "SG Solingen"]
[BlackTeam "SG Porz"]

1. d4 Nf6 2. c4 g6 3. Nc3 d5 4. Bf4 Bg7 5. Rc1 O-O 6. e3 c5 7. dxc5 Qa5 8. Nf3
Ne4 9. Qb3 Nxc5 10. Qb5 Qxb5 11. cxb5 Rd8 12. Be2 Bg4 13. O-O Ne4 14. h3 Bxf3
15. gxf3 Nxc3 16. bxc3 Nd7 17. c4 dxc4 18. Rxc4 Rac8 19. Rfc1 Rxc4 20. Rxc4 Nb6
21. Bc7 Rc8 22. Bxb6 Rxc4 23. Bxc4 axb6 24. Bd5 Bc3 25. Bxb7 Kg7 26. Kg2 f5 27.
f4 Kf6 28. Bc8 h6 29. Kf1 e5 30. fxe5+ Kxe5 31. f4+ Kf6 32. a4 g5 33. Kg2 Bd2
34. Kf3 Ba5 35. Bd7 Bd2 36. Bc8 Ba5 1/2-1/2

[Event "Solingen-ch 2021"]
[Site "Solingen"]
[Date "2022.02.11"]
[Round "7.8"]
[White "Bauer, Matthias"]
[Black "Ipekyilmaz, Tayfun"]
[Result "1/2-1/2"]
[WhiteElo "1620"]
[BlackElo "1757"]
[PlyCount "61"]
[EventDate "2022.??.??"]
[WhiteTeam "SV Guennigfeld"]
[BlackTeam "Langenfelder SF"]

1. d4 Nf6 2. Nf3 d5 3. e3 g6 4. Bd3 Bg7 5. c3 O-O 6. Nbd2 c5 7. O-O b6 8. Re1
Ba6 9. Bxa6 Nxa6 10. Qe2 Nc7 11. e4 dxe4 12. Nxe4 cxd4 13. Nxd4 Nxe4 14. Qxe4
e6 15. Nc6 Qd7 16. Bf4 Nd5 17. Ne5 Bxe5 18. Qxe5 Nxf4 19. Qxf4 Rfd8 20. Qc1 Qd2
21. Rd1 Qe2 22. Re1 Qb5 23. Qc2 Qd3 24. Qc1 Qb5 25. Qc2 Rd3 26. c4 Qd7 27. Rad1
Rd8 28. Rxd3 Qxd3 29. Qxd3 Rxd3 30. Kf1 Rd2 31. Re2 1/2-1/2

[Event "Solingen-ch 2021"]
[Site "Solingen"]
[Date "2022.02.11"]
[Round "7.9"]
[White "Guelcan, Batuhan Ege"]
[Black "Steinbach, Wolfgang"]
[Result "0-1"]
[WhiteElo "1521"]
[BlackElo "1948"]
[PlyCount "60"]
[EventDate "2022.??.??"]
[WhiteTeam "SG Solingen"]
[BlackTeam "SG Solingen"]

1. d4 d5 2. c4 dxc4 3. e4 e5 4. dxe5 Qxd1+ 5. Kxd1 Nc6 6. Nc3 Be6 7. Nf3 h6 8.
Be3 g5 9. h3 Bg7 10. Kc2 O-O-O 11. Nd5 Nxe5 12. Nxe5 Bxe5 13. Bxc4 c6 14. Nb6+
axb6 15. Bxe6+ fxe6 16. Bxb6 Bc7 17. Bxc7 Kxc7 18. Rad1 Nf6 19. f3 Rxd1 20.
Rxd1 Rd8 21. Re1 b5 22. b4 Nd7 23. e5 Nb6 24. Rh1 Nc4 25. h4 Nxe5 26. hxg5 hxg5
27. Rh5 Nf7 28. Rh7 Rd7 29. a3 Kd6 30. Kc3 Ne5 0-1

[Event "Solingen-ch 2021"]
[Site "Solingen"]
[Date "2022.02.11"]
[Round "7.12"]
[White "Falk, Thomas"]
[Black "Scheidtmann, Kian"]
[Result "0-1"]
[WhiteElo "1578"]
[BlackElo "1536"]
[PlyCount "84"]
[EventDate "2022.??.??"]
[WhiteTeam "Elberfelder SG"]
[BlackTeam "SG Solingen"]

1. d4 Nf6 2. Bf4 g6 3. Nf3 Bg7 4. e3 O-O 5. h3 d6 6. Be2 c5 7. c3 cxd4 8. exd4
Qb6 9. Qc1 Nc6 10. O-O Re8 11. Re1 e5 12. dxe5 Nxe5 13. Nxe5 dxe5 14. Be3 Qc6
15. Nd2 Nd5 16. Nf3 Nxe3 17. fxe3 Qb6 18. Kf2 f5 19. Bc4+ Be6 20. Bxe6+ Rxe6
21. Nh2 Rd8 22. Qc2 Red6 23. Qb3+ Qxb3 24. axb3 Rd2+ 25. Re2 a6 26. Nf3 R2d3
27. Ra5 R3d5 28. Rxd5 Rxd5 29. Rd2 {(=)} Rxd2+ 30. Nxd2 b5 31. e4 Bh6 32. Ke2
Kf7 33. exf5 gxf5 34. c4 Ke6 35. b4 Bxd2 36. Kxd2 bxc4 37. Kc3 Kd5 38. b3 cxb3
39. Kxb3 Kd4 40. Ka4 e4 41. Ka5 e3 42. Kxa6 e2 0-1

[Event "Solingen-ch 2021"]
[Site "Solingen"]
[Date "2022.02.11"]
[Round "7.13"]
[White "Skiber, Friedel"]
[Black "Fodor, Bernhard"]
[Result "1-0"]
[WhiteElo "1699"]
[BlackElo "1340"]
[PlyCount "71"]
[EventDate "2022.??.??"]
[WhiteTeam "SG Solingen"]
[BlackTeam "SG Solingen"]

1. e4 c5 2. Bc4 Nc6 3. Nc3 e6 4. a4 Nf6 5. d3 Be7 6. f4 d5 7. exd5 exd5 8. Ba2
O-O 9. h3 Be6 10. Nf3 Nh5 11. O-O Ng3 12. Rf2 Nf5 13. Ne2 d4 14. b3 Qe8 15. c3
Rd8 16. Ne5 Bh4 17. Rf1 Ne3 18. Bxe3 dxe3 19. Kh2 Nxe5 20. fxe5 Bf2 21. Nf4 Bc8
22. Qh5 Qc6 23. b4 Be6 24. b5 Qc8 25. Bb1 f5 26. exf6 Rxf6 27. Nxe6 Qxe6 28.
Ba2 Qxa2 29. Rxa2 Rxd3 30. Qxc5 Rd2 31. Rxd2 exd2 32. Qd5+ Rf7 33. Qxd2 Bg3+
34. Kxg3 Rxf1 35. Qd5+ Rf7 36. c4 1-0